000 002450000a22000970004500
100 1 _aCabrera Leiva, Guillermo
245 1 0 _aLa victoria de cada día
300 _aVol. 2, Núm 7 (1990), Páginas 7
773 0 _tImpacto Presbiteriano
942 _cANA
999 _c50868
_d50868